CATCHING FIRE / (Record no. 170067)

MARC details
000 -LEADER
fixed length control field 01584nam a22003257i 4500
003 - CONTROL NUMBER IDENTIFIER
control field PPAK
005 - DATE AND TIME OF LATEST TRANSACTION
control field 20181104160651.0
007 - PHYSICAL DESCRIPTION FIXED FIELD--GENERAL INFORMATION
fixed length control field ta
008 - FIXED-LENGTH DATA ELEMENTS--GENERAL INFORMATION
fixed length control field 181104t20092014my ||||e |||| 00| 1 eng d
020 ## - INTERNATIONAL STANDARD BOOK NUMBER
International Standard Book Number 9781407153346
Terms of availability RM18.63
Qualifying information paperback
040 ## - CATALOGING SOURCE
Original cataloging agency PPAK
Language of cataloging eng
Transcribing agency PPAK
Description conventions rda
082 04 - DEWEY DECIMAL CLASSIFICATION NUMBER
Edition number 23
Classification number 823
090 00 - LOCALLY ASSIGNED LC-TYPE CALL NUMBER (OCLC); LOCAL CALL NUMBER (RLIN)
Classification number (OCLC) (R) ; Classification number, CALL (RLIN) (NR) 823
Feature heading COL
Feature heading G
100 1# - MAIN ENTRY--PERSONAL NAME
Personal name Collins, Suzanne,
Relator term author.
245 10 - TITLE STATEMENT
Title CATCHING FIRE /
Statement of responsibility, etc. SUZANNE COLLINS
264 #1 - PRODUCTION, PUBLICATION, DISTRIBUTION, MANUFACTURE, AND COPYRIGHT NOTICE
Place of production, publication, distribution, manufacture London :
Name of producer, publisher, distributor, manufacturer London : Scholastic, Ltd,
Date of production, publication, distribution, manufacture, or copyright notice 2014
Date of production, publication, distribution, manufacture, or copyright notice ©2009
300 ## - PHYSICAL DESCRIPTION
Extent 439 pages :
Dimensions 20 cm
336 ## - CONTENT TYPE
Source rdacontent
Content type term text
337 ## - MEDIA TYPE
Source rdamedia
Media type term unmediated
338 ## - CARRIER TYPE
Source rdacarrier
Carrier type term volume
490 1# - SERIES STATEMENT
Series statement THE HUNGER GAMES
500 ## - GENERAL NOTE
General note Film tie-in.<br/>Originally published: New York: Scholastic, 2009.
521 ## - TARGET AUDIENCE NOTE
Target audience note The second book in the ground-breaking Hunger Games trilogy. After winning the brutal Hunger Games, Katniss and Peeta return to their district, hoping for a peaceful future. But their victory has caused rebellion to break out and the Capitol has decided that someone must pay. As Katniss and Peeta are forced to visit the districts on the Capitol's Victory Tour, the stakes are higher than ever. Unless they can convince the world that they are still lost in their love for each other, the consequences will be horrifying. Then comes the cruellest twist: the contestants for the next Hunger Games are announced, and Katniss and Peeta are forced into the arena once more.
650 10 - SUBJECT ADDED ENTRY--TOPICAL TERM
Topical term or geographic name entry element English fiction
Topical term or geographic name entry element Insurgency
Form subdivision Fiction
Topical term or geographic name entry element Survival
Form subdivision Fiction
830 #0 - SERIES ADDED ENTRY--UNIFORM TITLE
Uniform title The hunger games
942 ## - ADDED ENTRY ELEMENTS (KOHA)
Source of classification or shelving scheme Dewey Decimal Classification
Koha item type Book
Holdings
Withdrawn Not for loan Current library Shelving location Date acquired Total Checkouts Total Renewals Full call number Barcode Date last seen Date last checked out Koha item type
    Perpustakaan Alor Setar Pinjaman Dewasa 02/12/2018 8 4 823 COL A01586042 17/05/2025 06/04/2025 Book